header

Discipling the divine (Record no. 74397)

MARC details
000 -LEADER
fixed length control field 01243nam a2200325Ia 4500
100 1# - MAIN ENTRY--AUTHOR NAME
Personal name Fletcher, Paul.
245 10 - TITLE STATEMENT
Title Discipling the divine
260 ## - PUBLICATION, DISTRIBUTION, ETC. (IMPRINT)
Place of publication Farnham, Surrey, [England] ;
-- Burlington, VT :
Name of publisher Ashgate,
Year of publication 2009.
300 ## - PHYSICAL DESCRIPTION
Number of Pages xiii, 203 p.
650 #0 - SUBJECT ADDED ENTRY--TOPICAL TERM
Topical Term Trinity.
Topical Term Theology.
Topical Term Philosophical theology.
Topical Term Church.
856 40 - ELECTRONIC LOCATION AND ACCESS
Uniform Resource Identifier http://site.ebrary.com/lib/rucke/Doc?id=10325904

No items available.

© 2026 Rongo University
Contact us: librarian | system librarian | Rongo university